<?xml version="1.0" encoding="UTF-8"?>
<collection xmlns="http://www.loc.gov/MARC21/slim">
<record>
  <controlfield tag="001">4106</controlfield>
  <controlfield tag="005">20210212175421.0</controlfield>
  <datafield tag="024" ind1="7" ind2=" ">
    <subfield code="2">DOI</subfield>
    <subfield code="a">10.1103/PhysRevFluids.1.043701</subfield>
  </datafield>
  <datafield tag="037" ind1=" " ind2=" ">
    <subfield code="a">PLNTimport-847</subfield>
  </datafield>
  <datafield tag="100" ind1=" " ind2=" ">
    <subfield code="a">Hoff, M.</subfield>
  </datafield>
  <datafield tag="245" ind1=" " ind2=" ">
    <subfield code="a">Study of turbulence and interacting inertial modes in a differentially rotating spherical shell experiment</subfield>
  </datafield>
  <datafield tag="260" ind1=" " ind2=" ">
    <subfield code="c">2016</subfield>
  </datafield>
  <datafield tag="594" ind1=" " ind2=" ">
    <subfield code="a">NO</subfield>
  </datafield>
  <datafield tag="700" ind1=" " ind2=" ">
    <subfield code="a">Harlander, U.</subfield>
  </datafield>
  <datafield tag="700" ind1=" " ind2=" ">
    <subfield code="a">Triana, Santiago Andres</subfield>
  </datafield>
  <datafield tag="773" ind1=" " ind2=" ">
    <subfield code="p">Physical Review Fluids</subfield>
    <subfield code="v">1</subfield>
    <subfield code="y">2016</subfield>
    <subfield code="n">4</subfield>
  </datafield>
  <datafield tag="856" ind1="4" ind2="2">
    <subfield code="a">http://journals.aps.org/prfluids/abstract/10.1103/PhysRevFluids.1.043701</subfield>
  </datafield>
  <datafield tag="856" ind1="4" ind2=" ">
    <subfield code="s">4070501</subfield>
    <subfield code="u">http://publi2-as.oma.be/record/4106/files/Hoff M. Study of turbulence and interacting inertial modes in a differentially rotating spherical shell experiment.pdf</subfield>
  </datafield>
  <datafield tag="856" ind1="4" ind2=" ">
    <subfield code="s">3161</subfield>
    <subfield code="u">http://publi2-as.oma.be/record/4106/files/Hoff M. Study of turbulence and interacting inertial modes in a differentially rotating spherical shell experiment.gif?subformat=icon</subfield>
    <subfield code="x">icon</subfield>
  </datafield>
  <datafield tag="856" ind1="4" ind2=" ">
    <subfield code="s">6014</subfield>
    <subfield code="u">http://publi2-as.oma.be/record/4106/files/Hoff M. Study of turbulence and interacting inertial modes in a differentially rotating spherical shell experiment.jpg?subformat=icon-180</subfield>
    <subfield code="x">icon-180</subfield>
  </datafield>
  <datafield tag="905" ind1=" " ind2=" ">
    <subfield code="a">published in</subfield>
  </datafield>
  <datafield tag="980" ind1=" " ind2=" ">
    <subfield code="a">REFERD</subfield>
  </datafield>
</record>
</collection>